| 000 | 00391nam a2200169Ia 4500 | ||
|---|---|---|---|
| 008 | 230711s9999||||xx |||||||||||||| ||und|| | ||
| 041 | _aENG | ||
| 082 |
_a512 _bVA-M |
||
| 100 | _aVasishtha,A.S | ||
| 245 | 0 | _aModern algebra | |
| 250 | _a69th Ed. | ||
| 260 |
_c2016 _aMeerut _bKrishna Prakashan Media |
||
| 300 | _a563p. | ||
| 650 | _aMathematics | ||
| 700 | _aVasishtha,A.K | ||
| 942 | _cBK | ||
| 999 |
_c6220 _d6220 |
||